| Tag |
First Indicator |
Second Indicator |
Subfields |
| LEADER |
00000cgm a2200000 a 4500 |
| 001 |
in00000584607 |
| 005 |
20151014072038.0 |
| 007 |
vf bbaho- |
| 008 |
850424p19841927cau085 g vleng d |
| 035 |
|
|
|a (OCoLC)11958503
|
| 035 |
|
|
|9 ACP2086AM
|
| 040 |
|
|
|a ORU
|c ORU
|d m/c
|d TXA
|d UtOrBLW
|
| 043 |
|
|
|a e-ur---
|
| 049 |
|
|
|a TXAV [A10149780]
|
| 090 |
|
|
|a PN1995.9.F67
|b K6613 1984
|
| 130 |
0 |
|
|a Konet︠s︡ Sankt-Peterburga.
|l English.
|
| 245 |
1 |
4 |
|a The end of St. Petersburg /
|c a Sovkino-Moscow Production ; directed by V.I. Pudovkin.
|
| 246 |
3 |
|
|a End of Saint Petersburg
|
| 264 |
|
1 |
|a Chico, CA :
|b Tamarelle's French Film House,
|c [1984?]
|
| 300 |
|
|
|a 1 videocassette (85 min.) :
|b silent, black and white ;
|c 1/2 in.
|
| 336 |
|
|
|a two-dimensional moving image
|b tdi
|2 rdacontent
|
| 337 |
|
|
|a video
|b v
|2 rdamedia
|
| 338 |
|
|
|a videocassette
|b vf
|2 rdacarrier
|
| 538 |
|
|
|a VHS.
|
| 546 |
|
|
|a Silent with English title frames and music sound track.
|
| 500 |
|
|
|a Videocassette release of the 1927 motion picture.
|
| 511 |
1 |
|
|a Alexis Davor, Peter Petrovich, Olga Korloff, Anna Baranowska, Paul Petroff.
|
| 508 |
|
|
|a Photography, Anatolis Golownia ; editor, Donald Weston Bartlett ; music, Herbert Stothart.
|
| 500 |
|
|
|a A foreign film (Soviet Union).
|
| 521 |
|
|
|a Russian.
|
| 520 |
|
|
|a Shows changing conditions in Russia as seen by a young peasant who lived through the upheaval in St. Petersburg that culminated in the revolution of 1917. Made for the 10th anniversary celebration of the Russian revolution.
|
| 500 |
|
|
|a Videorecording.
|
| 651 |
|
0 |
|a Soviet Union
|x History
|y Revolution, 1917-1921
|x Drama.
|
| 655 |
|
0 |
|a Foreign films.
|
| 655 |
|
7 |
|a Silent films.
|2 lcgft
|
| 655 |
|
0 |
|a Motion pictures, Russian.
|
| 655 |
|
7 |
|a Feature films.
|2 lcgft
|
| 700 |
1 |
|
|a Davor, Alexis.
|
| 700 |
1 |
|
|a Petrovich, Peter.
|
| 700 |
1 |
|
|a Korloff, Olga.
|
| 700 |
1 |
|
|a Pudovkin, Vsevolod Illarionovich,
|d 1893-1953.
|
| 710 |
2 |
|
|a Sovkino.
|
| 710 |
2 |
|
|a Tamarelle's French Film House.
|
| 999 |
|
|
|a MARS
|
| 999 |
f |
f |
|s fc265f8c-9e60-3661-a35c-b1a3c59b784e
|i 048bba5c-62f1-3479-bf63-62d1524a7717
|t 0
|
| 952 |
f |
f |
|p ric
|a Texas A&M University
|b Rellis Campus
|c Joint Library Facility
|d Remote Storage
|t 0
|e PN1995.9.F67 K6613 1984
|h Library of Congress classification
|i video -- videocassette
|m A14826980827
|
| 998 |
f |
f |
|a PN1995.9.F67 K6613 1984
|t 0
|l Remote Storage
|